000
00302nam a22001337a 4500
008
170529b xxu||||| |||| 00| 0 eng d
020
_a
0802860281
041
_a
eng
080
_a
94(100)
100
_a
16
101
_a
SHH
245
_a
THE CHRISTIAN WORLD OF C.S LEWIS
_c
KILBY,C.S
942
_2
udc
_c
BK
999
_c
14978
_d
14978